000 00819cam a22002414a 4500
001 12344897
005 20180208032514.0
008 010312s2002 njua b 001 0 eng
010 _a 2001024303
020 _a0896038858 (alk. paper)
040 _aDLC
_cDLC
_dDLC
041 _aeng
042 _apcc
080 _a572.8 MUR
082 0 0 _a572.8 MUR
_221
100 _a6
101 _aGJEN
245 0 0 _aGene probes :
_cedited by Marilena Aquino de Muro and Ralph Rapley.
504 _aIncludes bibliographical references and index.
906 _a7
_bcbc
_corignew
_d1
_eocip
_f20
_gy-gencatlg
942 _2ddc
_cBK
999 _c42060
_d42060